| 000 | 00860nam a22002177a 4500 | ||
|---|---|---|---|
| 999 |
_c18717 _d18717 |
||
| 003 | AR-CdUCM | ||
| 008 | 190515b ||||| |||| 00| 0 spa d | ||
| 040 |
_aMUNICIPALIDAD PROVINCIAL DEL CUSCO _cBIBLIOTECA MUNICIPAL DEL CUSCO |
||
| 082 |
_a345.701 / _bSA15 |
||
| 100 |
_aSagástegui Urteaga, Pedro _939469 |
||
| 245 | _aTeoría general del proceso judicial / | ||
| 260 |
_aLima : _bSan Marcos, _c1996. |
||
| 300 |
_a397 paginas ; _c22 cm. |
||
| 440 |
_aColección Textos Universitarios de Derecho Contemporáneo _939470 |
||
| 505 | _aContenido : Nociones generales -- Conceptos básicos actuales y derecho -- Instituciones procesales -- Sujetos en el proceso -- Actividad procesal... | ||
| 650 |
_aProceso judicial _910958 |
||
| 650 |
_aProcesos en el Perú _939471 |
||
| 650 |
_aActo del juez _939472 |
||
| 942 |
_2ddc _cLIBROS |
||
| 945 |
_awnts _d2019-05-15 |
||